000 01032nam a2200313 c 4500
003 BLK
005 20180421000924.0
008 180411b bul|||||r ||||||| ||bul||
010 _aKNG00203635000
020 _a978-954-8041-81-2
_bиздат.: Огледало
040 _aBLK
041 _aBUL
_cBUL
072 7 _2bullib
_aН8400
_xБългарска поезия Н
080 _aБългарска литература
_b821.163.2
_x-1
_z821.163.2-1
100 1 _aХристова, Жана
_eпърви автор
_9346624
139 _aХристова, Жана
_bХ 79
245 1 0 _aОкеан
_bСтихове
_cЖана Христова.
257 _aBGR
260 София
_bОгледало
_c2014
300 _a98 с.
_c20 см
380 _aX
653 _aстихотворения
659 _aН
852 _aЦб 284814
856 4 _qpdf
_u
856 4 _qpdf
_u
942 _cKNG
_n0
944 _aCR
_c21.03.2017
_lф /
_kВиолета_Тройчева
944 _aED
_c12.04.2017
_lф /
_kЛюдмила_Стоянова
999 _c194407
_d194407